Complète le titres de ces chansons de Jacques Brel - Statistiques

Statistiques générales
  • Ce quiz a été pris 193 fois
  • Le résultat moyen est 19 sur 25
Statistiques - réponses
Hint Réponse % Correct
Ne me quitte Pas
95%
La Chanson des vieux Amants
93%
Sur la Place
93%
La Valse à mille Temps
93%
Je suis un soir d' Eté
92%
Ces Gens
92%
Mai 40
89%
Les Remparts de Varsovie
88%
La Chanson de Jacky
83%
Le Plat Pays
82%
Voir un Ami Pleurer
82%
Les Pieds dans le Ruisseau
82%
Le Fou du Roi
77%
Avec Elégance
75%
Chanson sans Paroles
73%
Tango Funèbre
70%
Il peut Pleuvoir
69%
Les Filles et les Chiens
66%
Il neige sur Liège
65%
Les Paumés du petit Matin
65%
Au Suivant
64%
Le Dernier Repas
63%
Regarde bien Petit
55%
La Bourée du Célibataire
49%
Sans Exigences
42%
Aucun quiz correspondant
Distribution des résultats
% des personnes avec chaque résultat
Percentile par nombre de réponses
Votre historique - résultats
Vous n’avez pas pris ce quiz